000 00423nam a2200169Ia 4500
001 24997
005 20260414151120.0
008 260414t2011||||xx |||||||||||||| ||spa||
041 _aESP
082 _a346.09
_bR24 T. 6 V. 3
100 _aRamos Nuñez, Carlos
_eAUT
245 0 _aHistoria del derecho civil peruano :
_bsiglos XIX y XX
260 _c2011
650 _aDER
654 _aCDE
942 _cLIB
_dJUS
_fJUS
_2ddc
_n
999 _c24997
_d24997